书目信息 |
| 题名: |
雷达网目标状态估计
|
|
| 作者: | 王建涛 , 高效 著 | |
| 分册: | ||
| 出版信息: | 北京 电子工业出版社 2020.04 |
|
| 页数: | 210页 | |
| 开本: | 26cm | |
| 丛书名: | 国防电子信息技术丛书 | |
| 单 册: | ||
| 中图分类: | TN955 | |
| 科图分类: | ||
| 主题词: | 雷达系统--lei da xi tong--网络系统--系统建模 | |
| 电子资源: | ||
| ISBN: | 978-7-121-37649-8 | |
| 000 | 01283nam 2200289 450 | |
| 001 | 202020139743 | |
| 005 | 20200926181346.0 | |
| 010 | @a978-7-121-37649-8@dCNY65.00 | |
| 100 | @a20200917d2020 em y0chiy50 ea | |
| 101 | 0 | @achi |
| 102 | @aCN@b110000 | |
| 105 | @aak a 000yy | |
| 106 | @ar | |
| 200 | 1 | @a雷达网目标状态估计@Alei da wang mu biao zhuang tai gu ji@e应用系统数学建模范例分析@f王建涛, 高效等著 |
| 210 | @a北京@c电子工业出版社@d2020.04 | |
| 215 | @a210页@c图@d26cm | |
| 225 | 2 | @a国防电子信息技术丛书@Aguo fang dian zi xin xi ji shu cong shu@i建模、仿真与测试 |
| 320 | @a有书目 (第209-210页) | |
| 330 | @a本书提出了应用系统数学建模的方法步骤, 并以雷达网目标状态实时估计系统为范例, 从坐标变换、误差修正、航迹关联、运动判别、高度估计、单雷达数据滤波、多雷达数据融合等关键问题着手, 提出了基于雷达网低精度冗余观测数据, 提高较少观测样本条件下目标状态估计准确性的一整套工程化解决方案。 | |
| 410 | 0 | @12001 @a国防电子信息技术丛书@i建模、仿真与测试 |
| 517 | 1 | @a应用系统数学建模范例分析@Aying yong xi tong shu xue jian mo fan li fen xi |
| 606 | 0 | @a雷达系统@Alei da xi tong@x网络系统@x系统建模 |
| 690 | @aTN955@v5 | |
| 701 | 0 | @a王建涛@Awang jian tao@4著 |
| 701 | 0 | @a高效@Agao xiao@4著 |
| 801 | 0 | @aCN@c20200511 |
| 905 | @a河南城建学院图书馆@dTN955@eW226 | |
| 雷达网目标状态估计:应用系统数学建模范例分析/王建涛, 高效等著.-北京:电子工业出版社,2020.04 |
| 210页:图;26cm.-(国防电子信息技术丛书.建模、仿真与测试) |
| ISBN 978-7-121-37649-8:CNY65.00 |
| 本书提出了应用系统数学建模的方法步骤, 并以雷达网目标状态实时估计系统为范例, 从坐标变换、误差修正、航迹关联、运动判别、高度估计、单雷达数据滤波、多雷达数据融合等关键问题着手, 提出了基于雷达网低精度冗余观测数据, 提高较少观测样本条件下目标状态估计准确性的一整套工程化解决方案。 |
| ● |
| 相关链接 |
|
|
|
正题名:雷达网目标状态估计
索取号:TN955/W226
 
预约/预借
| 序号 | 登录号 | 条形码 | 馆藏地/架位号 | 状态 | 备注 |
| 1 | 1489710 | 214897101 | 自科库301/301自科库 100排9列3层/ [索取号:TN955/W226] | 在馆 | |
| 2 | 1489711 | 214897110 | 自科库301/301自科库 100排9列3层/ [索取号:TN955/W226] | 在馆 |